| 000 | 00500 a2200193 4500 | ||
|---|---|---|---|
| 020 | _a0750641320 (hbk.) | ||
| 020 | _a 9780750641326 | ||
| 040 | _aDLC | ||
| 082 | _a668.4 | ||
| 100 | _aBrydson, J.A. | ||
| 245 | 1 | 0 |
_aPlastics materials _cJ.A. Brydson. |
| 246 | 3 |
_aPlastics Materials _h[electronic resource] |
|
| 250 | _a7th ed. | ||
| 260 |
_aOxford : _bButterworth Heinemann, _c1999. |
||
| 300 |
_a920 p. : _bill. |
||
| 650 | 0 | _aPlastics. | |
| 700 | _4J.A. Brydson | ||
| 942 |
_cBK _k668.4 BRY _2ddc |
||
| 999 |
_c11139 _d11139 |
||